00531 2200205 4500001001900000005001900019008004100038035002200079020001800101040001100119041000800130082001500138090002000153100001800173245004200191260002900233300002700262852001100289990002500300BDGKW030220150001820150203133554.184210907||||||||| | ||| |||| ||ind|| a0010-030215001860 a979-709-101-5 aJBPDBN0 aind00a899.223 02 a899.223 02MUS k0 aMUSTOFA Bisri00aLukisan kaligrafi /cA. Mustofa Bisri aJakarta :bKampos,c2003 aix, 134 hlm. ;c22 cm. adewasa a07/191387, 07/191385